Algorithms for data science (Record no. 5891)
[ view plain ]
| 000 -LEADER | |
|---|---|
| fixed length control field | 00629nam a22002417a 4500 |
| 003 - CONTROL NUMBER IDENTIFIER | |
| control field | OSt |
| 005 - DATE AND TIME OF LATEST TRANSACTION | |
| control field | 20220107122834.0 |
| 008 - FIXED-LENGTH DATA ELEMENTS--GENERAL INFORMATION | |
| fixed length control field | 171007b xxu||||| |||| 00| 0 eng d |
| 020 ## - INTERNATIONAL STANDARD BOOK NUMBER | |
| International Standard Book Number | 9783319457956 |
| 040 ## - CATALOGING SOURCE | |
| Transcribing agency | IIITMK |
| 082 ## - DEWEY DECIMAL CLASSIFICATION NUMBER | |
| Classification number | 006.312 STE/A |
| 100 ## - MAIN ENTRY--PERSONAL NAME | |
| Personal name | Steele, Brian |
| 9 (RLIN) | 13183 |
| 245 ## - TITLE STATEMENT | |
| Title | Algorithms for data science |
| 260 ## - PUBLICATION, DISTRIBUTION, ETC. | |
| Place of publication, distribution, etc. | Switzerland, |
| Name of publisher, distributor, etc. | Springer, |
| Date of publication, distribution, etc. | 2016. |
| 300 ## - PHYSICAL DESCRIPTION | |
| Extent | xxiii, 430p. |
| 650 ## - SUBJECT ADDED ENTRY--TOPICAL TERM | |
| Topical term or geographic name entry element | COMPUTER SCIENCE |
| 9 (RLIN) | 13184 |
| 650 ## - SUBJECT ADDED ENTRY--TOPICAL TERM | |
| Topical term or geographic name entry element | ALGORITHM |
| 9 (RLIN) | 13185 |
| 650 ## - SUBJECT ADDED ENTRY--TOPICAL TERM | |
| Topical term or geographic name entry element | DATA SCIENCE |
| 9 (RLIN) | 13186 |
| 650 ## - SUBJECT ADDED ENTRY--TOPICAL TERM | |
| Topical term or geographic name entry element | PYTHON |
| 9 (RLIN) | 13187 |
| 700 ## - ADDED ENTRY--PERSONAL NAME | |
| Personal name | Chandler, John |
| 9 (RLIN) | 13188 |
| 700 ## - ADDED ENTRY--PERSONAL NAME | |
| Personal name | Reddy, Swarna |
| 9 (RLIN) | 13189 |
| 942 ## - ADDED ENTRY ELEMENTS (KOHA) | |
| Source of classification or shelving scheme | Dewey Decimal Classification |
| Koha item type | Books |
| Withdrawn status | Lost status | Source of classification or shelving scheme | Damaged status | Not for loan | Collection code | Home library | Current library | Shelving location | Date acquired | Cost, normal purchase price | Total Checkouts | Full call number | Barcode | Date last seen | Date last checked out | Price effective from | Koha item type |
|---|---|---|---|---|---|---|---|---|---|---|---|---|---|---|---|---|---|
| Dewey Decimal Classification | Data Analytics/ Big Data/ Data Mining | Kerala University of Digital Sciences, Innovation and Technology Knowledge Centre | Kerala University of Digital Sciences, Innovation and Technology Knowledge Centre | Computer Science | 07/10/2017 | 3681.00 | 2 | 006.312 STE/A | 4963 | 03/12/2020 | 04/05/2019 | 07/10/2017 | Books | ||||
| Dewey Decimal Classification | Data Analytics/ Big Data/ Data Mining | Kerala University of Digital Sciences, Innovation and Technology Knowledge Centre | Kerala University of Digital Sciences, Innovation and Technology Knowledge Centre | Computer Science | 23/11/2017 | 3689.00 | 006.312 STE/A;1 | 4990 | 03/12/2020 | 23/11/2017 | Books |